| 000 | 00367nam a2200145Ia 4500 | ||
|---|---|---|---|
| 008 | 230917s9999||||xx |||||||||||||| ||und|| | ||
| 040 |
_e63304 _aMAIN |
||
| 041 | _aEnglish | ||
| 082 | _a320.08 C38C | ||
| 100 | _aCharleworth, Jame C, ed | ||
| 245 | 0 | _aContemporary political analysis | |
| 260 |
_aNew York _bFree Press _c1967 |
||
| 300 | _aviii, 380 p. | ||
| 942 | _cBK | ||
| 999 |
_c47198 _d47198 |
||